Sports Quiz

Random Sports or NBA Quiz

NBA: Snap, Crackle, and Pop(ovich) Quiz Stats

 Plays Quiz not verified by Sporcle

Support Sporcle.
Go Orange.
Score 0/21 Timer 05:00
0 Plays Today
# Player % Correct
15xTim Duncan
100%
6xTony Parker
100%
2xManu Ginobili
99.1%
10xDavid Robinson
96.8%
2xGlenn Robinson
96.8%
7xLaMarcus Aldridge*
95.4%
4xKawhi Leonard*
92.2%
4xDeMar DeRozan*
87.6%
6xPau Gasol
64.7%
7xTracy McGrady
57.8%
2xSean Elliott
53.2%
# Player % Correct
1xSteve Smith
41.3%
2xMichael Finley
39.9%
9xDominique Wilkins
37.6%
2xDavid West
33.9%
2xDavid Lee
22.9%
1xKevin Willis
20.2%
2xTerry Porter
16.1%
1xNick Van Exel
15.6%
1xAntonio McDyess
15.1%
1xTheo Ratliff
3.7%

You're not logged in!

Compare scores with friends on all Sporcle quizzes.
OR
Log In

From the Vault

First Word Albums

by lolshortee

Let's help these albums gets started.
Remove Ads.
Support Sporcle.
Get the best of Sporcle when you Go Orange. This ad-free experience offers more features, more stats, and more fun while also helping to support Sporcle. Thank you for becoming a member.

Show Comments

Extras

Created Feb 24, 2020ReportNominate
Tags:NBA Quiz, All-Star, greg, least, Player, Pop, Under, Yrs

Top Quizzes Today


Score Distribution

Your Account Isn't Verified!

In order to create a playlist on Sporcle, you need to verify the email address you used during registration. Go to your Sporcle Settings to finish the process.

Report this User

Report this user for behavior that violates our Community Guidelines.

Details: